Jurassic Park Villains - Statistics

General Stats
  • This quiz has been taken 33 times
  • The average score is 4 of 7
Answer Stats
Hint Answer % Correct
Jurassic Park Dennis Nedry
86%
Jurassic Park III N/A
77%
Jurassic World: Dominion Lewis Dodgson
50%
The Lost World: Jurassic Park Peter Ludlow
50%
Jurassic World: Fallen Kingdom Eli Mills
41%
Jurassic World Vic Hoskins
36%
Ken Wheatley
27%
No matching quizzes found
Score Distribution
Percent of People with Each Score
Percentile by Number Answered
Your Score History
You have not taken this quiz